Vital Subjects : Race and Biopolitics in Italy 1860-1920.

Vital Subjects examines cultural production--literature, sociology and public health discourse, and early film--from the years between Unification and the end of the First World War (ca. 1860 and 1920) in order to explore how race and colonialism were integral to modern Italian national culture, rat...

Full description

Bibliographic Details
Main Author: Welch, Rhiannon Noel.
Format: eBook
Language:English
Published: Liverpool : Liverpool University Press, 2016.
Edition:1st ed.
Series:Transnational Italian Cultures Series
Subjects:
Online Access:Click to View
LEADER 02194nam a22004093i 4500
001 EBC6898765
003 MiAaPQ
005 20231204023221.0
006 m o d |
007 cr cnu||||||||
008 231204s2016 xx o ||||0 eng d
020 |a 9781781384558  |q (electronic bk.) 
020 |z 9781781382868 
035 |a (MiAaPQ)EBC6898765 
035 |a (Au-PeEL)EBL6898765 
035 |a (OCoLC)945453793 
040 |a MiAaPQ  |b eng  |e rda  |e pn  |c MiAaPQ  |d MiAaPQ 
082 0 |a 945/.08 
100 1 |a Welch, Rhiannon Noel. 
245 1 0 |a Vital Subjects :  |b Race and Biopolitics in Italy 1860-1920. 
250 |a 1st ed. 
264 1 |a Liverpool :  |b Liverpool University Press,  |c 2016. 
264 4 |c Ã2016. 
300 |a 1 online resource (304 pages) 
336 |a text  |b txt  |2 rdacontent 
337 |a computer  |b c  |2 rdamedia 
338 |a online resource  |b cr  |2 rdacarrier 
490 1 |a Transnational Italian Cultures Series ;  |v v.1 
505 0 |a Cover -- Illustrations -- Contents -- Acknowledgements -- Introduction: Vital Subjects -- 1. Colonial (Re)productivity -- 2. Immunitary Technologies -- 3. Mutilated Limbs -- 4. Biopolitics and Colonial Drive -- Epilogue -- Bibliography -- Index. 
520 |a Vital Subjects examines cultural production--literature, sociology and public health discourse, and early film--from the years between Unification and the end of the First World War (ca. 1860 and 1920) in order to explore how race and colonialism were integral to modern Italian national culture, rather than a marginal afterthought or a Fascist aberration. 
588 |a Description based on publisher supplied metadata and other sources. 
590 |a Electronic reproduction. Ann Arbor, Michigan : ProQuest Ebook Central, 2023. Available via World Wide Web. Access may be limited to ProQuest Ebook Central affiliated libraries.  
655 4 |a Electronic books. 
776 0 8 |i Print version:  |a Welch, Rhiannon Noel  |t Vital Subjects  |d Liverpool : Liverpool University Press,c2016  |z 9781781382868 
797 2 |a ProQuest (Firm) 
830 0 |a Transnational Italian Cultures Series 
856 4 0 |u https://ebookcentral.proquest.com/lib/matrademy/detail.action?docID=6898765  |z Click to View